Statistics for Add a Letter - Make a U.S. President

Click here to take the quiz!

General Stats

  • This quiz has been taken 120 times
  • The average score is 12 of 15

Answer Stats

WordLetterPresident% Correct
HubSGeorge H.W. Bush | George W. Bush
98%
RodFGerald Ford
98%
LopKJames K. Polk
96%
TangRUlysses S. Grant
92%
DaringHWarren G. Harding
85%
CollinNAbraham Lincoln
83%
LionsWWoodrow Wilson
83%
RoyalTZachary Taylor
76%
ReactRJimmy Carter
75%
YeahSRutherford B. Hayes
75%
OverletsOTheodore Roosevelt | Franklin D. Roosevelt
73%
NomadsIJames Madison
70%
EnclavedLGrover Cleveland
66%
FragileDJames A. Garfield
59%
OceloidGCalvin Coolidge
52%

Score Distribution

Percentile by Number Answered

Percent of People with Each Score

Your Score History

You have not taken this quiz